000 00968nas a2200289 4500
001 BR9213189
003 BR-BrBNA
005 20231205095234.0
007 ta
008 230509b bl.|||p| |||| 00| 00por d
040 _aBR-BrBNA
_bpor
_cBiblioteca Nacional de Agricultura
041 _a(Pt)
072 _aF02
100 1 _aPasqual, M.
100 1 _aMenezes, J.F.S.
100 1 _aPinto, J.E.B.P.
100 1 _aChalfun, N.N.J.
245 1 _aInfluencia da benzylaminopurina e do acido naftaleno acetico na propagacao do porta-enxerto de videira 420-A (Vitis berlandieri x Vitis riparia)atraves da cultura de tecidos
650 _aUva
650 _aRegulador de Crescimento
650 _aAcido Naftaleno-Acetico
650 _aReproducao Vegetal
650 _aCultura de Tecido
773 0 _tCiencia e Pratica (Brazil)
_xISSN 0100-3267
_g(Apr-Jun 1991), v. 15(2) p. 163-169
_wBR9213189
909 _a202311
_bLúcia
_c55
_dLúcia Elande
942 _2AGRIS
_n0
_cANA
999 _c149531
_d149531